| 000 | 01036nam a2200313 i 4500 | ||
|---|---|---|---|
| 003 | EG-GICUC | ||
| 005 | 20260416080634.0 | ||
| 008 | 260415b1928 fr a|||fr|||| 000 0 fre d | ||
| 040 |
_aEG-GiCUC _bfre _cEG-GiCUC _dEG-GiCUC _eRda |
||
| 041 | 1 | _afre | |
| 082 | 0 | 4 |
_221 _a343 _b HÉ . P |
| 092 | 0 | 4 | _221 |
| 099 | _aLaw1 10 343 HÉ . P 4 ed - 1928 | ||
| 100 | 1 |
_a Hélie, Faustin _eAuteur |
|
| 245 | 1 | 0 |
_aPratique Criminelle Des Cours Et Tribunaux: _bRésumé De La Jurisprudence. _nPremière Partie, _cFaustin Hélie. |
| 250 | _aQuatrième édition | ||
| 264 | 1 |
_aPARIS _bLIBRAIRIE DES JURIS-CLASSEURS _c1928 |
|
| 300 |
_a1022 page : _billustration ; _c 24 cm. |
||
| 336 |
_2rda contenu _a texte |
||
| 337 |
_2rda medias _aOrdinateur |
||
| 338 |
_2 transporteur rda _a Ressource en ligne |
||
| 546 | _aTexte en français | ||
| 650 | 1 |
_aDroit pénal _2qrmak |
|
| 651 | 1 | _2qrmak | |
| 700 | 1 |
_a Joseph Depeiges _eAuteur |
|
| 856 | 4 | 0 | _uhttps://fll.law.cu.edu.eg/fulltext/bks/B10-09179.pdf |
| 905 | _a158 | ||
| 942 |
_2ddc _n0 _cBK _e21 |
||
| 999 |
_c71002 _d71002 |
||